Movie Trivia: Italian and Italian-American filmmakers - Statistics

General Stats
  • This quiz has been taken 91 times
  • The average score is 9 of 15
Answer Stats
These films were made by.... ...these filmmakers (last name only) % Correct
La Strada, Amarcord, La Dolce Vita, and Roma Fellini
93%
Once Upon a Time in the West, Fistful of Dollars, and The Good, The Bad and The Ugly Leone
91%
Deathproof, Jackie Brown, and The Hateful Eight Tarantino
83%
Virgin Suicides, Lost in Translation, Marie Antoinette Coppola
79%
Bicycle Thieves (aka The Bicycle Thief), Umberto D., Two Women, and The Garden of the Finzi-Continis De Sica
79%
Carrie, The Untouchables, Scarface De Palma
73%
Last Tango in Paris, 1900, Stealing Beauty, and The Last Emperor Bertolucci
71%
The Decameron, Arabian Nights, and Salo, or the 120 Days of Sodom Pasolini
71%
The King of Comedy, Alice Doesn't Live Here Anymore, Hugo, and New York, New York Scorsese
68%
Cinema Paradiso, Malena and The Legend of 1900 Tornatore
55%
It Happened One Night, Mr. Deeds Goes to Town (1936), and Meet John Doe Capra
54%
The Outsiders, Tucker: The Man and His Dream, The Cotton Club and Peggy Sue Got Married Coppola
43%
An American in Paris, Gigi, Meet Me in St. Louis, Minnelli
36%
Endless Love, Romeo & Juliet (1968), Tea with Mussolini, and Jesus of Nazareth Zeffirelli
31%
Snack Bar Budapest, Monamour, Fallo! and L'uomo che guarda Brass
13%
No matching quizzes found
Score Distribution
Percent of People with Each Score
Percentile by Number Answered
Your Score History
You have not taken this quiz